| 000 | 00696nam a22002537a 4500 | ||
|---|---|---|---|
| 001 | BR0804676 | ||
| 003 | BR-BrBNA | ||
| 005 | 20250401085551.0 | ||
| 007 | ta | ||
| 008 | 230509b bl.||||| |||| 00| 0 por d | ||
| 040 |
_aBR-BrBNA _bpor _cBiblioteca Nacional de Agricultura |
||
| 041 | _a(Por) | ||
| 072 | _aP33 | ||
| 090 |
_aP33 _bBR0804676 |
||
| 110 | 1 |
_aMinerais do Paraná S.A., Curitiba (Brasil) _96720 |
|
| 245 | 1 | _aGeoquímica de solo do estado do Paraná; horizonte B. Relatório final de projeto | |
| 260 | 3 |
_aCuritiba, PR (Brasil): _c2005. |
|
| 300 | _av. 1-2 | ||
| 500 | _aContèm 01 DVD | ||
| 650 | _aSOLO | ||
| 650 | _aQUIMICA DO SOLO | ||
| 650 | _aPARANA | ||
| 942 |
_cBK _2AGRIS |
||
| 999 |
_c71818 _d71818 |
||